Podpisz zdjęcia po angielsku #9 - Statystyki

Ogólne statystyki
  • Ten quiz został rozwiązany 34 razy
  • Średni wynik to 11 z 16
Statystyki odpowiedzi
Obrazkowy Odpowiedź % Poprawnych
Island
100%
King
100%
Wolf
100%
Beer
97%
Fire
97%
Ant
94%
Bell
88%
Ghost
81%
Cave
69%
Engine
66%
Gate
59%
Violin
53%
Hedgehog
47%
Yawn
31%
Envelope
22%
Xylophone
6%
Nie znaleziono quizów pasujących do podanych kryteriów
Rozkład punktacji
Procent ludzi z każdym wynikiem
Percentyl według liczby udzielonych odpowiedzi
Twoja historia wyników
Nie rozwiązałeś tego quizu